[Event "Challenge"]
[Site "http://www.queenalice.com/game.php?id=737377"]
[Date "2010.2.25"]
[Round "-"]
[White "tancredotorres"]
[Black "Jodaia"]
[Result "1-0"]
[WhiteElo "1500"]
[BlackElo "1777"]

1. e4 e5 2. f4 exf4 3. Nf3 d6 4. Bc4 h6 5. d4 Nf6 6. O-O Nxe4 7. Bxf4 d5 8. Bb3
Qf6 9. Bxc7 Qc6 10. Bxb8 Rxb8 11. Ne5 Qe6 12. Rxf7 Bd6 13. Qh5 Kd8 14. Rxg7 Rf8
15. Nf7+ Rxf7 16. Rxf7 Ng5 17. Rf1 Qe3+ 18. Kh1 Bf8 19. Rxf8+ Kc7 20. Nc3 Qxd4
21. Nxd5+ Kc6 22. Qxh6+ Ne6 23. Ne7+ Kd7 24. Qxe6+ Kc7 25. Nd5+ 1-0

[Event "The Blues"]
[Site "http://www.queenalice.com/game.php?id=770019"]
[Date "2010.5.3"]
[Round "-"]
[White "tancredotorres"]
[Black "bobifixer"]
[Result "0-1"]
[WhiteElo "1640"]
[BlackElo "1847"]

1. e4 e5 2. f4 d5 3. exd5 e4 4. d3 Qxd5 5. Nc3 Bb4 6. Bd2 Bxc3 7. Bxc3 Nf6 8.
Bxf6 gxf6 9. dxe4 Qxe4+ 10. Qe2 Bf5 11. O-O-O Nc6 12. Nf3 Qxe2 13. Bxe2 O-O 14.
Nh4 Bc8 15. g4 b6 16. Rhg1 Kh8 17. Bc4 Na5 0-1

[Event "Challenge"]
[Site "http://www.queenalice.com/game.php?id=772238"]
[Date "2010.5.7"]
[Round "-"]
[White "eddval"]
[Black "tancredotorres"]
[Result "1-0"]
[WhiteElo "2045"]
[BlackElo "1839"]

1. f4 e5 2. e4 exf4 3. Nf3 g5 4. Bc4 g4 5. O-O gxf3 6. Qxf3 Qf6 7. c3 Bc5+ 8.
Kh1 h5 9. d4 d5 10. Bxd5 Bb6 11. e5 Bg4 12. Qf2 Qe7 13. Bxb7 Bc8 14. Bxa8 c6 15.
Bxf4 1-0

[Event "Challenge"]
[Site "http://www.queenalice.com/game.php?id=775496"]
[Date "2010.5.14"]
[Round "-"]
[White "theblackfox"]
[Black "tancredotorres"]
[Result "1-0"]
[WhiteElo "1896"]
[BlackElo "1613"]

1. e4 e5 2. Nf3 Nc6 3. Bb5 a6 4. Bxc6 dxc6 5. Nxe5 Qd4 6. Qh5 Qxe4+ 7. Kf1 Be6
8. d3 Qb4 9. Nc3 Nf6 10. Qf3 O-O-O 11. a3 1-0